000 00555nam a2200157 a 4500
001 000032250
005 20200930063546.0
008 110406s1927 dr ac 000 0 spa d
040 _aDO-SdBNP
_bspa
_cBNPHU
082 _axxx
_bR426m
110 1 _aRepública Dominicna
_958310
245 1 0 _aMensaje que al honorable Congreso Nacional presenta al ciudadano presidente de la República de su ejercicio administrativo del año 1926.
260 _aSanto Domingo :
_bImp. J. R. vda García,
_c1927.
300 _a311 p. :
_bil., retrs. ;
_c30 cm.
049 _aBNPD
999 _c31741
_d31741